| 000 | 00794nam a2200289 a 4500 | ||
|---|---|---|---|
| 001 | vtls000102265 | ||
| 003 | NLI | ||
| 005 | 20210601201852.0 | ||
| 008 | 101125s1961 nyu 000 0 eng | ||
| 020 | _cRs. 22.00 | ||
| 039 | 9 |
_y201011251138 _zVLOAD |
|
| 040 |
_aNLI _beng _cDataSoft _eAACR2 |
||
| 041 | 0 | _aeng | |
| 044 | _anyu | ||
| 082 | 0 | 4 | _a321.04 |
| 100 | 0 |
_aMillard Everett Lee _9215866 |
|
| 245 | 1 | 0 |
_aFreedom in a federalworld / _cEverett Lee Millard |
| 250 | _aRev. ed. | ||
| 260 |
_aNew York : _bOceana Publications, _c1961 |
||
| 300 |
_a254 p. ; _c23 cm. |
||
| 650 | 0 |
_aInternational organization _964913 |
|
| 887 | _a | ||
| 901 |
_a373652 _b26.02.1965 |
||
| 902 | _aE321.04 M611 | ||
| 949 |
_AVIRTUAITEM _D10000 _X100 _6PUR000373652ENG |
||
| 942 |
_2ddc _cBKS |
||
| 999 |
_aVIRTUA00 _c106919 _d106919 |
||